01013pam a2200337 a 45000010005000000030006000050050017000110080041000280100017000690200017000860200018001030200029001210400023001500420009001730500024001820820016002061000021002222450071002432600039003143000048003535050007004015200085004085210021004935210018005146500023005326500020005556500021005756500022005967000032006187000025006504083FISKH20240606075259.0811222s1982 nyua j 000 1 eng  a 81020306  a0688012043 : a9780688104771 a068801206X (lib. bdg.) : aDLCcDLCdDLCbeng alcac00aPZ8.3.G424bAc 198200a813.54 2191 aGinsburg, Mirra.10aAcross the stream /cby Mirra Ginsburg ; pictures by Nancy Tafuri. aNew York :bHarper Collins,c1982. a24 pages : bcolor illustrations ; c26 cm  aJ  aA hen and three chicks are saved from a bad dream by a duck and three ducklings.8 a460 bLexile AD 8 aJ bRaz-Plus  1aChickensxFiction. 1aDucksxFiction. 1aDreamsxFiction. 1aStories in rhyme.1 aKharms, Daniil,d1905-1942.1 aTafuri, Nancy,eill.